| 000 | 00872cam a2200289 a 4500 | ||
|---|---|---|---|
| 001 | 000016041 | ||
| 005 | 20200929164241.0 | ||
| 008 | 000710s2000 sp a 000 0 spa | ||
| 010 | _a00416363 | ||
| 020 | _a8495501694 | ||
| 035 | _a(SpBaP)pu 000015087 | ||
| 040 |
_aDO-SdBNP _cDLC |
||
| 082 |
_a211 _bR696d |
||
| 100 | 1 |
_aRodríguez, Pepe. _936000 |
|
| 245 | 1 | 0 |
_aDios nació mujer / _cPepe Rodríguez. |
| 260 |
_aEspaña : _bSuma de Letras, _cc2000. |
||
| 300 |
_a380 p. : _bil. ; _c18 cm. |
||
| 440 | 0 |
_aPunto de lectura ; _v34 _93047 |
|
| 504 | _aIncluye bibliografía: p. 371-380. | ||
| 504 | _aIncluye notas y referencia al pie de páginas | ||
| 650 | 4 |
_aExistencia de dios _936001 |
|
| 650 | 4 |
_aDios _91305 |
|
| 650 | 4 |
_aDioses _935658 |
|
| 650 | 4 |
_aMujeres prehistóricas _95539 |
|
| 653 | _aFeminidad de Dios. | ||
| 910 | _aCatalogación por copia / LC | ||
| 999 |
_c15582 _d15582 |
||